Joint ventures ako jedna z foriem medzinárodného podnikania dizertačná práca

Guardado en:
Detalles Bibliográficos
Autor principal: Tkáč, Patrik
Autor Corporativo: Národohospodárska fakulta EU. Katedra ekonómie
Otros Autores: Táncošová, Judita
Formato: Libro
Lenguaje:eslovaco
Publicado: Bratislava 2006
Materias:
Etiquetas: Agregar Etiqueta
Sin Etiquetas, Sea el primero en etiquetar este registro!

MARC

LEADER 00000nam$a2200000$$$4500
001 0054953
005 20240104135411.6
041 0 |a slo 
044 |a SK 
245 1 0 |a Joint ventures ako jedna z foriem medzinárodného podnikania  |b dizertačná práca  |c Patrik Tkáč ; školiteľ: Judita Táncošová 
264 1 |a Bratislava  |c 2006 
300 |a 168 s. 
610 2 0 |a joint ventures 
610 2 0 |a podnikanie medzinárodné 
610 2 0 |a investície zahraničné 
610 2 0 |a analýzy 
610 2 0 |a Slovensko 
100 1 |a Tkáč, Patrik 
700 1 |a Táncošová, Judita 
710 2 |a Národohospodárska fakulta EU. Katedra ekonómie